[Event "WLS-chA 68th"]
[Site "Cardiff"]
[Date "2024.04.01"]
[Round "7"]
[White "Rees, Ioan"]
[Black "Szakmany, Bence"]
[Result "1-0"]
[WhiteElo "2272"]
[BlackElo "1849"]
[PlyCount "57"]
[EventDate "2024.03.29"]
[EventType "swiss"]
[EventRounds "7"]
[EventCountry "WLS"]
[SourceTitle "CB14_2024"]
[SourceDate "2024.04.01"]
[SourceVersion "1"]
[SourceVersionDate "2024.04.01"]
[SourceQuality "1"]

1. Nf3 Nf6 2. c4 c6 3. d4 d5 4. cxd5 cxd5 5. Nc3 Nc6 6. Bf4 e6 7. e3 Bd6 8. Bg3 0-0 9. Bd3 a6 10. Rc1 Re8 11. Ne5 Bxe5 12. dxe5 Nd7 13. f4 f5 14. exf6 Nxf6 15. 0-0 Qb6 16. Qd2 e5 17. Kh1 exf4 18. exf4 Be6 19. Bh4 Qd8 20. Na4 Bf7 21. Nc5 Ne4 22. Bxe4 Qxh4 23. Bxd5 Rad8 24. Bxf7+ Kxf7 25. Qc3 Qe7 26. Rce1 Qf6 27. Qb3+ Kg6 28. Ne6 Rd2 29. f5+ 1-0

[Event "WLS-chA 68th"]
[Site "Cardiff"]
[Date "2024.04.01"]
[Round "6"]
[White "Szakmany, Bence"]
[Black "Fowler, Hugo"]
[Result "1-0"]
[WhiteElo "1849"]
[BlackElo "1960"]
[PlyCount "63"]
[EventDate "2024.03.29"]
[EventType "swiss"]
[EventRounds "7"]
[EventCountry "WLS"]
[SourceTitle "CB14_2024"]
[SourceDate "2024.04.01"]
[SourceVersion "1"]
[SourceVersionDate "2024.04.01"]
[SourceQuality "1"]

1. e4 e5 2. Nf3 Nc6 3. Nc3 Nf6 4. d4 exd4 5. Nxd4 Nxe4 6. Nxe4 Qe7 7. f3 d5 8. Bb5 Bd7 9. Bxc6 bxc6 10. 0-0 dxe4 11. Re1 0-0-0 12. Rxe4 Qb4 13. Nb3 Bf5 14. Qxd8+ Kxd8 15. Rxb4 Bxb4 16. c3 Bd6 17. Be3 a6 18. Na5 Kd7 19. Rd1 Rb8 20. c4 Kc8 21. Nxc6 Rxb2 22. c5 Kd7 23. Ne5+ Ke6 24. cxd6 cxd6 25. Nc4 Rxa2 26. Rxd6+ Ke7 27. Rd2 Ra1+ 28. Kf2 Be6 29. Bc5+ Ke8 30. Nd6+ Kd7 31. Nxf7+ Kc6 32. Bd4 1-0

[Event "WLS-chA 68th"]
[Site "Cardiff"]
[Date "2024.03.31"]
[Round "5"]
[White "Binks, Michael"]
[Black "Szakmany, Bence"]
[Result "1/2-1/2"]
[WhiteElo "1984"]
[BlackElo "1849"]
[PlyCount "120"]
[EventDate "2024.03.29"]
[EventType "swiss"]
[EventRounds "7"]
[EventCountry "WLS"]
[SourceTitle "CB14_2024"]
[SourceDate "2024.04.01"]
[SourceVersion "1"]
[SourceVersionDate "2024.04.01"]
[SourceQuality "1"]

1. d4 Nf6 2. Bg5 d5 3. Nd2 Bf5 4. Ngf3 h6 5. Bxf6 exf6 6. e3 Bd6 7. c4 dxc4 8. Bxc4 0-0 9. 0-0 c5 10. Rc1 cxd4 11. Nxd4 Bh7 12. Qh5 Nc6 13. Nxc6 bxc6 14. Bb3 Bxh2+ 15. Kxh2 Qxd2 16. Rxc6 Qxb2 17. Rc7 Qe5+ 18. Qxe5 fxe5 19. Re7 a5 20. Rc1 g5 21. Rcc7 Bg6 22. Rxe5 Kg7 23. Ree7 a4 24. Bd5 Ra5 25. e4 Kf6 26. Kg3 h5 27. f3 Kg7 28. Ra7 Rxa7 29. Rxa7 Rd8 30. Rxa4 f5 31. Ra7+ Kf6 32. Ra6+ Kg7 33. exf5 Bxf5 34. Be4 Bxe4 35. fxe4 Rd3+ 36. Kf2 h4 37. Ra5 Kf6 38. Rf5+ Kg6 39. Rf3 Rd2+ 40. Kf1 Rxa2 41. e5 Ra6 42. Re3 Kf5 43. g3 hxg3 44. Kg2 Re6 45. Kxg3 Rxe5 46. Rxe5+ Kxe5 47. Kg4 Kf6 48. Kg3 Kg7 49. Kg4 Kg6 50. Kg3 Kf5 51. Kf3 g4+ 52. Kg3 Kg5 53. Kg2 Kh5 54. Kg3 Kg5 55. Kg2 Kh4 56. Kh2 g3+ 57. Kg2 Kg4 58. Kg1 Kf3 59. Kf1 g2+ 60. Kg1 Kg3 1/2-1/2

[Event "WLS-chA 68th"]
[Site "Cardiff"]
[Date "2024.03.30"]
[Round "4"]
[White "Szakmany, Bence"]
[Black "Smith, Olivia"]
[Result "0-1"]
[WhiteElo "1849"]
[BlackElo "2054"]
[PlyCount "88"]
[EventDate "2024.03.29"]
[EventType "swiss"]
[EventRounds "7"]
[EventCountry "WLS"]
[SourceTitle "CB14_2024"]
[SourceDate "2024.04.01"]
[SourceVersion "1"]
[SourceVersionDate "2024.04.01"]
[SourceQuality "1"]

1. e4 c6 2. d4 d5 3. e5 Bf5 4. Nc3 e6 5. g4 Bg6 6. Nge2 c5 7. h4 h5 8. Nf4 Bh7 9. Nxh5 Nc6 10. Be3 cxd4 11. Bxd4 Bxc2 12. Qd2 Nge7 13. Nb5 Nxd4 14. Nxd4 Ba4 15. Qb4 Bc6 16. Bb5 Nf5 17. Bxc6+ bxc6 18. Qa4 Nxd4 19. Qxd4 Qa5+ 20. Kf1 Qb6 21. Qa4 Qb5+ 22. Qxb5 cxb5 23. Rc1 Kd7 24. Ke2 Be7 25. Rh3 Rac8 26. Rxc8 Rxc8 27. Rc3 Rc4 28. f3 Bxh4 29. Nxg7 Rxc3 30. bxc3 Bg3 31. Nh5 Bxe5 32. Kd3 Ke7 33. f4 Bc7 34. f5 Be5 35. Kc2 a6 36. Kd3 Kf8 37. g5 exf5 38. Nf6 Bxf6 39. gxf6 f4 40. Ke2 Ke8 41. Kf3 Kd7 42. Kxf4 Ke6 43. Kf3 Kxf6 44. Kf4 Ke6 0-1

[Event "South Wales op 18th"]
[Site "Bridgend"]
[Date "2023.07.12"]
[Round "9"]
[White "Szakmany, Bence"]
[Black "Harandi, Teymour"]
[Result "1-0"]
[WhiteElo "1687"]
[BlackElo "1426"]
[PlyCount "47"]
[EventDate "2023.07.07"]
[EventType "swiss"]
[EventRounds "9"]
[EventCountry "WLS"]
[SourceTitle "CBM 215 Extra"]
[Source "ChessBase"]
[SourceDate "2023.09.30"]
[SourceVersion "1"]
[SourceVersionDate "2023.09.30"]
[SourceQuality "1"]

1. e4 c5 2. Nf3 e6 3. d4 cxd4 4. Nxd4 a6 5. Bd3 Qc7 6. Nc3 Nc6 7. Be3 Nf6 8. 0-0 Be7 9. Kh1 d5 10. exd5 Nxd5 11. Nxd5 exd5 12. f4 Bf6 13. Nxc6 Qxc6 14. c3 0-0 15. f5 Re8 16. Rf3 g6 17. Qd2 Bd7 18. Raf1 Be5 19. fxg6 fxg6 20. Bh6 Bg4 21. R3f2 d4 22. Qg5 Bd7 23. Qxe5 Qxg2+ 24. Kxg2 1-0

[Event "South Wales op 18th"]
[Site "Bridgend"]
[Date "2023.07.09"]
[Round "4"]
[White "Williams, Raymond"]
[Black "Szakmany, Bence"]
[Result "0-1"]
[WhiteElo "1578"]
[BlackElo "1687"]
[PlyCount "132"]
[EventDate "2023.07.07"]
[EventType "swiss"]
[EventRounds "9"]
[EventCountry "WLS"]
[SourceTitle "CBM 215 Extra"]
[Source "ChessBase"]
[SourceDate "2023.09.30"]
[SourceVersion "1"]
[SourceVersionDate "2023.09.30"]
[SourceQuality "1"]

1. d4 Nf6 2. Nc3 d5 3. Bf4 e6 4. e3 Bb4 5. a3 Bxc3+ 6. bxc3 c5 7. Nf3 Qa5 8. Bd3 Qxc3+ 9. Nd2 c4 10. 0-0 cxd3 11. cxd3 Qxd3 12. Qa4+ Bd7 13. Qb4 Qb5 14. Qd6 Qc6 15. Rfc1 Qxd6 16. Bxd6 Nc6 17. Rc3 Ne4 18. Nxe4 dxe4 19. Rac1 f6 20. Rc5 Kf7 21. d5 exd5 22. Rxd5 Be6 23. Rb5 Rhd8 24. Rxb7+ Rd7 25. Rxd7+ Bxd7 26. h3 Ke6 27. Bc5 Ne5 28. Bd4 a5 29. Kh2 Rc8 30. Rxc8 Bxc8 31. Kg3 Kd5 32. Bb6 a4 33. f3 Nc4 34. fxe4+ Kc6 35. Bd4 Nxa3 36. e5 fxe5 37. Bxe5 g6 38. Kh4 Kd5 39. Bg7 h5 40. g4 hxg4 41. hxg4 Ke6 42. Kg5 Kf7 43. Bh8 Nc2 44. e4 a3 45. Kf4 a2 46. Kg5 a1Q 47. Bxa1 Nxa1 48. e5 Bd7 49. Kf4 Ke6 50. Kg5 Be8 51. Kf4 Bf7 52. Ke4 g5 53. Kd4 Bg6 54. Ke3 Kxe5 55. Kf3 Be8 56. Kg3 Ke4 57. Kh3 Kf3 58. Kh2 Nc2 59. Kh3 Bd7 60. Kh2 Bxg4 61. Kg1 Ne3 62. Kh2 Ng2 63. Kg1 Kg3 64. Kh1 Nf4 65. Kg1 Bh3 66. Kh1 Bg2+ 0-1

[Event "Cardiff Welsh op"]
[Site "Cardiff"]
[Date "2023.04.10"]
[Round "6"]
[White "Szakmany, Bence"]
[Black "Rovaretti, David"]
[Result "1-0"]
[WhiteElo "1561"]
[BlackElo "1641"]
[PlyCount "113"]
[EventDate "2023.04.07"]
[EventType "swiss"]
[EventRounds "7"]
[EventCountry "WLS"]
[SourceTitle "EXT 2024"]
[Source "ChessBase"]
[SourceDate "2023.10.10"]
[SourceVersion "1"]
[SourceVersionDate "2023.10.10"]
[SourceQuality "1"]

1. e4 e5 2. Nf3 Nc6 3. Bb5 a6 4. Ba4 Nf6 5. 0-0 b5 6. Bb3 Be7 7. Re1 0-0 8. a4 b4 9. c3 a5 10. d4 d6 11. h3 Bd7 12. Nbd2 Qc8 13. dxe5 dxe5 14. Nc4 Rd8 15. Ncxe5 Nxe5 16. Nxe5 Bxh3 17. Bxf7+ Kf8 18. Qf3 Bg4 19. Nxg4 Qxg4 20. Qxg4 Nxg4 21. Bd5 Bc5 22. Rf1 Ra6 23. Bc4 Rg6 24. Bf4 Bd6 25. Bxd6+ Rgxd6 26. cxb4 axb4 27. a5 Ne5 28. Bb3 Rd2 29. f4 Nd3 30. Rfd1 Nc5 31. Rxd2 Rxd2 32. a6 Nxb3 33. a7 Rd8 34. a8Q Rxa8 35. Rxa8+ Ke7 36. Kf2 Nd2 37. e5 Nc4 38. b3 Nb6 39. Ra5 Ke6 40. Rc5 Nd5 41. Kf3 g6 42. Ke4 Nc3+ 43. Kd4 Ne2+ 44. Ke3 Nc3 45. Kd3 Nd5 46. g3 h5 47. Kd4 Ne7 48. Rxc7 Nf5+ 49. Kd3 Nxg3 50. Rc6+ Kf7 51. Rb6 Nf5 52. Rxb4 h4 53. Rb7+ Ne7 54. Ke4 Ke6 55. Kf3 Nd5 56. Rh7 Ne7 57. Rxe7+ 1-0

[Event "Cardiff Welsh op"]
[Site "Cardiff"]
[Date "2023.04.08"]
[Round "4"]
[White "Guy, David T"]
[Black "Szakmany, Bence"]
[Result "0-1"]
[WhiteElo "1827"]
[BlackElo "1561"]
[PlyCount "80"]
[EventDate "2023.04.07"]
[EventType "swiss"]
[EventRounds "7"]
[EventCountry "WLS"]
[SourceTitle "EXT 2024"]
[Source "ChessBase"]
[SourceDate "2023.10.10"]
[SourceVersion "1"]
[SourceVersionDate "2023.10.10"]
[SourceQuality "1"]

1. d4 d5 2. c4 e6 3. Nf3 Nf6 4. Nc3 Nbd7 5. cxd5 exd5 6. Bg5 Be7 7. e3 h6 8. Bh4 0-0 9. Bd3 c5 10. 0-0 b6 11. Ne5 Bb7 12. f4 Rc8 13. Rc1 cxd4 14. exd4 Ne4 15. Be1 Nxe5 16. dxe5 b5 17. a3 Bc5+ 18. Kh1 Nxc3 19. Bxc3 d4 20. Bd2 Qd5 21. Rf3 f6 22. b4 Be7 23. exf6 Rxf6 24. Rg3 Rxc1 25. Bxc1 Re6 26. Bd2 Bh4 27. Rf3 Qa2 28. Rf1 Qxa3 29. Qg4 Qxd3 30. Qxe6+ Kh7 31. Kg1 Qxd2 32. Qf5+ Kg8 33. Qe6+ Kh8 34. Qg4 Qe3+ 35. Kh1 Bf6 36. Qd1 d3 37. Re1 Qd4 38. Re8+ Kh7 39. h3 Qd5 40. Qg4 d2 0-1

[Event "South Wales Autumn op"]
[Site "Cardiff"]
[Date "2022.10.15"]
[Round "2"]
[White "Szakmany, Bence"]
[Black "Fowler, Hugo"]
[Result "0-1"]
[WhiteElo "1431"]
[BlackElo "1894"]
[PlyCount "58"]
[EventDate "2022.10.15"]
[EventType "swiss"]
[EventRounds "5"]
[EventCountry "WLS"]
[SourceTitle "EXT 2024"]
[Source "ChessBase"]
[SourceDate "2023.10.10"]
[SourceVersion "1"]
[SourceVersionDate "2023.10.10"]
[SourceQuality "1"]

1. e4 e5 2. Nf3 Nc6 3. Bb5 a6 4. Ba4 Nf6 5. 0-0 b5 6. Bb3 Bc5 7. d3 d6 8. a4 Rb8 9. h3 h6 10. Nc3 0-0 11. Be3 Bb6 12. axb5 axb5 13. Nd5 Nxd5 14. exd5 Ne7 15. c4 Ng6 16. Qc2 Qf6 17. cxb5 Bxh3 18. Qe2 Bg4 19. Bxb6 Nh4 20. Bxc7 Nxf3+ 21. gxf3 Bxf3 22. Qxf3 Qxf3 23. Bxb8 Rxb8 24. Bc4 e4 25. dxe4 Re8 26. Rfe1 Re5 27. Ra3 Rg5+ 28. Kf1 Qh1+ 29. Ke2 Qxe4+ 0-1

[Event "EU-ch Hybrid U14"]
[Site "Tornelo INT"]
[Date "2021.10.15"]
[Round "6"]
[White "Lievens, Karel"]
[Black "Szakmany, Bence"]
[Result "1/2-1/2"]
[WhiteElo "1568"]
[BlackElo "1404"]
[PlyCount "77"]
[EventDate "2021.10.15"]
[EventType "swiss"]
[EventRounds "9"]
[EventCountry "NET"]
[SourceTitle "EXT 2023"]
[Source "ChessBase"]
[SourceDate "2022.10.05"]
[SourceVersion "1"]
[SourceVersionDate "2022.10.05"]
[SourceQuality "1"]
[WhiteTeam "Irland"]
[BlackTeam "Wales"]
[WhiteTeamCountry "IRL"]
[BlackTeamCountry "WLS"]

1. e4 e5 2. Nf3 Nc6 3. Nc3 Nf6 4. d4 exd4 5. Nxd4 Nxe4 6. Nxe4 Qe7 7. Qd3 d5 8. Nxc6 bxc6 9. f3 f5 10. Bg5 fxe4 11. Bxe7 exd3 12. Bxf8 Rxf8 13. Bxd3 Bf5 14. 0-0-0 0-0-0 15. Rhe1 Bxd3 16. Rxd3 Rfe8 17. Rde3 Rxe3 18. Rxe3 Kd7 19. Kd2 Rb8 20. Rb3 Rxb3 21. axb3 a5 22. Ke3 Kd6 23. Kd4 c5+ 24. Ke3 Kc6 25. h4 Kb5 26. g4 c4 27. bxc4+ dxc4 28. f4 Kb4 29. f5 a4 30. g5 c3 31. bxc3+ Kc4 32. f6 gxf6 33. gxf6 a3 34. f7 a2 35. f8Q a1Q 36. Qf7+ Kb5 37. c4+ Kb6 38. Qe6+ c6 39. Qe4 1/2-1/2

[Event "EU-ch Hybrid U14"]
[Site "Tornelo INT"]
[Date "2021.10.15"]
[Round "5"]
[White "Szakmany, Bence"]
[Black "Saemundarson, Saethor Ingi"]
[Result "1-0"]
[WhiteElo "1404"]
[BlackElo "1162"]
[PlyCount "133"]
[EventDate "2021.10.15"]
[EventType "swiss"]
[EventRounds "9"]
[EventCountry "NET"]
[SourceTitle "EXT 2023"]
[Source "ChessBase"]
[SourceDate "2022.10.05"]
[SourceVersion "1"]
[SourceVersionDate "2022.10.05"]
[SourceQuality "1"]
[WhiteTeam "Wales"]
[BlackTeam "Island"]
[WhiteTeamCountry "WLS"]
[BlackTeamCountry "ISL"]

1. e4 e5 2. Nf3 Nc6 3. Bb5 a6 4. Ba4 Nf6 5. 0-0 b5 6. Bb3 d6 7. Re1 Be7 8. c3 0-0 9. h3 h6 10. d4 Bb7 11. Bc2 Qd7 12. Nbd2 Rfe8 13. Nf1 Rad8 14. d5 Na5 15. a4 Nc4 16. b3 Nb6 17. Be3 Nc8 18. Ng3 Bf8 19. Bd3 Ne7 20. axb5 axb5 21. Qe2 c6 22. c4 bxc4 23. bxc4 c5 24. Reb1 Ra8 25. Rxa8 Rxa8 26. Qb2 Ba6 27. Nh2 Ng6 28. Nf5 Bxc4 29. Bxc4 Nxe4 30. Ng3 Nxg3 31. fxg3 Qf5 32. Rc1 Qe4 33. Qd2 Ra3 34. Bf2 Be7 35. Qe2 Qf5 36. Qb2 Ra4 37. Qc2 Qd7 38. Nf1 Ra3 39. Bd3 Qe8 40. Be3 Bd8 41. Nd2 Ba5 42. Nc4 Rc3 43. Qd1 Qd8 44. Rxc3 Bxc3 45. Qc2 Bd4 46. Bxd4 exd4 47. Bxg6 fxg6 48. Qxg6 Kf8 49. Qxd6+ Qxd6 50. Nxd6 Ke7 51. Nc4 Kf6 52. Kf2 g5 53. g4 Kf7 54. Kf3 Ke7 55. Ke4 Kf6 56. Nd2 Kf7 57. Ke5 Ke7 58. d6+ Kd7 59. Kd5 c4 60. Nxc4 d3 61. Nd2 Kd8 62. Ke6 Ke8 63. Ne4 Kd8 64. d7 h5 65. gxh5 g4 66. hxg4 d2 67. Nxd2 1-0

[Event "WLS Under 1850 League"]
[Site "Wales"]
[Date "2020.02.23"]
[Round "2.15"]
[White "Szakmany, Bence"]
[Black "Philpin, Les"]
[Result "1-0"]
[WhiteElo "1600"]
[BlackElo "1671"]
[PlyCount "55"]
[EventDate "2020.01.26"]
[EventType "team-tourn"]
[EventRounds "9"]
[EventCountry "WLS"]
[SourceTitle "EXT 2022"]
[Source "ChessBase"]
[SourceDate "2021.10.06"]
[SourceVersion "1"]
[SourceVersionDate "2021.10.06"]
[SourceQuality "1"]
[WhiteTeam "Capital Panthers"]
[BlackTeam "West Wales Dragons"]
[WhiteTeamCountry "WLS"]
[BlackTeamCountry "WLS"]

1. e4 e6 2. d4 d5 3. Nd2 Nf6 4. e5 Nfd7 5. f4 a6 6. Bd3 Nc6 7. c3 Ne7 8. Ndf3 h6 9. Ne2 c5 10. Be3 c4 11. Bc2 Nc6 12. 0-0 b5 13. f5 Qe7 14. fxe6 fxe6 15. Nf4 Rg8 16. Bh7 g5 17. Bxg8 gxf4 18. Bxf4 Nb6 19. Qc2 Ra7 20. Qg6+ Kd8 21. Ng5 Qg7 22. Nxe6+ Bxe6 23. Qxg7 Rxg7 24. Bxe6 Re7 25. Bh3 Bg7 26. e6 b4 27. Bd6 Rb7 28. Rf7 1-0

[Event "South Wales Autumn Premier"]
[Site "Newport"]
[Date "2019.11.16"]
[Round "3"]
[White "Probert, Malcolm"]
[Black "Szakmany, Bence"]
[Result "1-0"]
[WhiteElo "1587"]
[BlackElo "1356"]
[PlyCount "79"]
[EventDate "2019.11.15"]
[EventType "swiss"]
[EventRounds "5"]
[EventCountry "WLS"]
[SourceTitle "EXT 2022"]
[Source "ChessBase"]
[SourceDate "2021.10.06"]
[SourceVersion "1"]
[SourceVersionDate "2021.10.06"]
[SourceQuality "1"]

1. Nf3 Nf6 2. g3 g6 3. Bg2 Bg7 4. 0-0 0-0 5. c4 c5 6. d4 cxd4 7. Nxd4 Nc6 8. Nc3 a6 9. Nc2 d6 10. Ne3 Bd7 11. Qd2 Rb8 12. b3 Na7 13. Bb2 Bc6 14. Ncd5 Nxd5 15. cxd5 Bd7 16. Bxg7 Kxg7 17. Qd4+ Kg8 18. Qxa7 b5 19. Qd4 Qb6 20. Qxb6 Rxb6 21. Rac1 Rc8 22. Rxc8+ Bxc8 23. Rc1 Rb8 24. Rc7 Kf8 25. Nc2 Ke8 26. Nd4 Bb7 27. Nc6 Bxc6 28. Rxc6 Ra8 29. e4 Kd7 30. f4 f5 31. e5 Ra7 32. Kf2 Ra8 33. Ke3 Ra7 34. Kd3 Ra8 35. Kc3 dxe5 36. fxe5 Rc8 37. Rxc8 Kxc8 38. Kb4 Kd7 39. Ka5 e6 40. d6 1-0

[Event "South Wales Autumn Premier"]
[Site "Newport"]
[Date "2019.11.15"]
[Round "1"]
[White "Macarthur, Duncan M"]
[Black "Szakmany, Bence"]
[Result "0-1"]
[WhiteElo "1647"]
[BlackElo "1356"]
[PlyCount "120"]
[EventDate "2019.11.15"]
[EventType "swiss"]
[EventRounds "5"]
[EventCountry "WLS"]
[SourceTitle "EXT 2022"]
[Source "ChessBase"]
[SourceDate "2021.10.06"]
[SourceVersion "1"]
[SourceVersionDate "2021.10.06"]
[SourceQuality "1"]

1. c4 c5 2. Nf3 Nc6 3. d4 cxd4 4. Nxd4 Nf6 5. g3 d6 6. Bg2 Bd7 7. 0-0 g6 8. Nc3 Bg7 9. e3 0-0 10. b3 a6 11. Bb2 Qc7 12. Rc1 Rac8 13. h3 Rfd8 14. Qe2 Qb8 15. Rfd1 e6 16. Ba3 Nxd4 17. Rxd4 Bc6 18. Rd3 Rd7 19. Rcd1 Rcd8 20. e4 b5 21. cxb5 Bxb5 22. Nxb5 Qxb5 23. Qd2 d5 24. e5 Ne8 25. Bb2 Rc7 26. a4 Qb7 27. Rc1 Rdc8 28. Rxc7 Rxc7 29. Bd4 Bf8 30. Rc3 Qb4 31. Qd3 Rxc3 32. Qxc3 a5 33. Qb2 Ng7 34. Bc3 Qb6 35. Bd4 Bc5 36. Bxc5 Qxc5 37. g4 Ne8 38. Kf1 Nc7 39. Bf3 Na6 40. Be2 Nb4 41. Qd2 d4 42. Qg5 Qd5 43. f3 d3 44. Bd1 Nc6 45. Qd2 Nxe5 46. Kf2 Nc6 47. f4 Nb4 48. Bf3 Qc5+ 49. Qe3 Qc2+ 50. Kg3 Qxb3 51. f5 Nd5 52. Qe5 d2 53. fxe6 Qxf3+ 54. Kxf3 d1Q+ 55. Kg3 Qg1+ 56. Kf3 Qf1+ 57. Kg3 fxe6 58. Qxe6+ Qf7 59. Qc8+ Kg7 60. Qc4 Qc7+ 0-1

[Event "South Wales Challengers"]
[Site "Bridgend"]
[Date "2019.07.10"]
[Round "5"]
[White "Szakmany, Bence"]
[Black "Curry, Kenneth"]
[Result "1/2-1/2"]
[WhiteElo "1415"]
[BlackElo "1139"]
[PlyCount "79"]
[EventDate "2019.07.07"]
[EventType "swiss"]
[EventRounds "6"]
[EventCountry "WLS"]
[SourceTitle "EXT 2020"]
[Source "ChessBase"]
[SourceDate "2019.10.17"]
[SourceVersion "1"]
[SourceVersionDate "2019.10.17"]
[SourceQuality "1"]

1. e4 e5 2. Nf3 Nc6 3. Bb5 a6 4. Ba4 Bc5 5. 0-0 d6 6. h3 Bd7 7. c3 Qf6 8. Re1 b5 9. Bc2 Nge7 10. d3 h6 11. Be3 Ba7 12. Nbd2 g5 13. g4 Ng6 14. Nf1 Bxe3 15. fxe3 h5 16. N1h2 hxg4 17. hxg4 0-0-0 18. Rf1 Qe7 19. d4 Rdf8 20. Rf2 Rh3 21. Rg2 Rfh8 22. Qe2 Nh4 23. Nxh4 R3xh4 24. Rf1 Be8 25. Bb3 f6 26. Bc2 R8h6 27. a4 Na7 28. axb5 Bxb5 29. Bd3 Qd7 30. Bxb5 axb5 31. dxe5 dxe5 32. Rd1 Qc6 33. Qd3 Rh8 34. Qc2 Rd8 35. Rxd8+ Kxd8 36. Nf3 Rh3 37. Rh2 Rxh2 38. Kxh2 Qd7 39. Qd2 Qxd2+ 40. Nxd2 1/2-1/2